000 00370nam a2200169Ia 4500
001 7887
008 140321s9999 xx 000 0 und d
020 _a969-432-099-2
040 _cPK-LaUMT
082 _a 297.01
_bKHA-P
100 _aKhaja Khan
245 4 _aThe philosophy of Islam
_cKhaja Khan
260 _c1998
300 _a132 p.
546 _aEN
942 _cBK
999 _c9283
_d9283